000 00404nam a2200169Ia 4500
001 11154
008 140331s9999 xx 000 0 und d
020 _a0-13-507179-8
040 _cPK-LaUMT
082 _aR 304.2
_bBEL-H
100 _aBell, Thomas L.
245 _aHuman geography : People, places, and change
_cBell, Thomas L.
260 _c1996
300 _a389 p.
546 _aEN
942 _cBK
999 _c12063
_d12063